| 000 | 00588nam a2200217Ia 4500 | ||
|---|---|---|---|
| 005 | 20250213003016.0 | ||
| 008 | 240331s9999 xx 000 0 und d | ||
| 020 | _a9559102966 | ||
| 082 |
_bJAY _26065 _a305.5 |
||
| 100 | _aJayawardena, K | ||
| 245 | 0 |
_aErasure of the Euro-Asian: _bRecovering Early Radicalism and Feminism in South Asia |
|
| 260 |
_aColombo _bSocial Scientists' Association _c2007 |
||
| 300 | _aiv, 312 p., | ||
| 650 | _aEurasia | ||
| 650 | _aSouth Asia | ||
| 650 | _aRadicalism | ||
| 650 | _aFeminism | ||
| 650 | _aColonialism | ||
| 650 | _aGender | ||
| 942 | _cL | ||
| 999 |
_c4512 _d4512 |
||